| Поле | Инд. | ПП | Название | Значение |
|---|---|---|---|---|
| Тип записи | a | |||
| Библиографический уровень | a | |||
| 001 | Контрольный номер | 720d9fa234e84d9fbe302df92d813137 | ||
| 005 | Дата корректировки | 20161020120152.5 | ||
| 020 | a | ISBN | 978-5-903927-27-2 | |
| 040 | a | Служба первич. каталог. | НБ ТвГУ | |
| b | Код языка каталог. | rus | ||
| e | Правила каталог. | PSBO | ||
| 041 | 0_ | a | Код языка текста | rus |
| 097 | b | Оператор | novikova | |
| 100 | 1_ | a | Автор | Квашнин Юрий Дмитриевич |
| q | Полное имя | Квашнин Ю. Д, | ||
| 245 | 10 | a | Заглавие | Греция: левые радикалы у власти |
| 260 | a | Место издания | Москва | |
| b | Издательство | Идея-Пресс | ||
| 504 | a | Библиография | Библиогр. в подстроч. примеч. | |
| 520 | 0_ | a | Аннотация | В январе 2015 г. по итогам выборов в Греции было сформировано коалиционное правительство во главе с лидером леворадикальной партии СИРИЗА Алексисом Ципрасом, провозгласившее своей целью отказ от политики жесткой экономии. |
| 653 | 0_ | a | Ключевые слова | Греция, страна |
| a | Ключевые слова | СИРИЗА, партия | ||
| a | Ключевые слова | Выборы | ||
| a | Ключевые слова | Долговой кризис | ||
| a | Ключевые слова | Партийно-политическая система | ||
| a | Ключевые слова | Левые радикалы | ||
| 773 | 18 | w | Контрольный № источника | 89cd756f62544ad2879a724d9b8594c8 |
| t | Название источника | Год планеты: экономика, политика, безопасность | ||
| d | Место и дата издания | Москва : Идея-Пресс, 2015 | ||
| g | Прочая информация | С. 273-283 | ||
| 901 | t | Тип документа | a | |
| 920 | a | Оператор | Нови |